| 000 | 00852cab a2200265 4500 | ||
|---|---|---|---|
| 001 | WB3314-09 | ||
| 008 | 090401t1997 xxu||||| |||| 00| 0 eng d | ||
| 035 | _a(Sirsi) u77705 | ||
| 041 | _aeng | ||
| 245 | _aWall Act to end disputes | ||
| 260 | _c1997 | ||
| 350 | _a0 | ||
| 490 |
_aNegotiator _v12(7) 4-18 April 1997, 3(1) |
||
| 520 | _aThe Party Wall Act 1996, in force from 1 July, should bring an end to disputes over underpinning in terraced houses, as it sets up a system for anyone digging and excavation near another owner`s building. | ||
| 650 | _aDISPUTES | ||
| 650 | _aLEGISLATION | ||
| 650 | _aNEIGHBOURS | ||
| 650 | _aPARTY WALL ETC ACT 1996 | ||
| 650 |
_aParty walls _96258 |
||
| 650 | _aTERRACED HOUSES | ||
| 650 | _aUNDERPINNING | ||
| 690 | _aBUILDING AND CONSTRUCTION-REGULATIONS | ||
| 942 | _n0 | ||
| 948 | _c11/04/1997 | ||
| 999 |
_c48846 _d48846 |
||